000 00452pab a2200169 454500
008 180718b2007 xxu||||| |||| 00| 0 eng d
100 _aDutta, Subrata
245 _aNon-farm entrepreneurship of farmers in West Bengal: a LISRREL/Logit analysis
260 _c2007
300 _ap.231-53.
362 _aJul-Dec
650 _aFarmers - India - West Bengal
650 _aFarmers
773 _aIndian Economic Review
908 _aN
909 _a81739
999 _c81739
_d81739